000 00673nam a22002057a 4500
005 20250611110025.0
010 _aENG-145277
020 _c385.00
_a9789354497483
035 _aEN-128809
037 _bDBAD
082 _a372.82
100 _aJain, Shikha
_981866
245 _aGender, School and Society/
_cShikha Jain [and] Seema Sarohe
250 _a1
260 _aUttar Pradesh
_bPearson India Education Pvt Ltd
_c2022
270 _bUttar Pradesh
_a1st FLoor, Berger Tower, Plot No. C-001A/2, Sector-16B, Noida
_e201301
300 _axxii, 314p.
_c23cm(pb)
_bIndex
700 _aSarohe, Seema
_eAuthor
_981867
942 _2ddc
_cEN
_h372.82
_mJAI
_e1
999 _c211719
_d211719